Biggest Producers of the Elements - Statistics

General Stats
  • This quiz has been taken 32 times
  • The average score is 95 of 99
Answer Stats
# Symbol Element Country % Correct
1 H Hydrogen China
100%
6 C Carbon China
100%
7 N Nitrogen China
100%
9 F Fluorine China
100%
11 Na Sodium China
100%
12 Mg Magnesium China
100%
13 Al Aluminium China
100%
14 Si Silicon China
100%
15 P Phosphorus China
100%
16 S Sulfur China
100%
17 Cl Chlorine China
100%
20 Ca Calcium China
100%
21 Sc Scandium China
100%
22 Ti Titanium China
100%
23 V Vanadium China
100%
30 Zn Zinc China
100%
31 Ga Gallium China
100%
32 Ge Germanium China
100%
33 As Arsenic China
100%
34 Se Selenium China
100%
37 Rb Rubidium China
100%
39 Y Yttrium China
100%
42 Mo Molybdenum China
100%
48 Cd Cadmium China
100%
49 In Indium China
100%
50 Sn Tin China
100%
51 Sb Antimony China
100%
52 Te Tellurium China
100%
54 Xe Xenon China
100%
55 Cs Caesium China
100%
56 Ba Barium China
100%
57 La Lanthanum China
100%
58 Ce Cerium China
100%
59 Pr Praseodymium China
100%
60 Nd Neodymium China
100%
62 Sm Samarium China
100%
63 Eu Europium China
100%
64 Gd Gadolinium China
100%
65 Tb Terbium China
100%
66 Dy Dysprosium China
100%
67 Ho Holmium China
100%
68 Er Erbium China
100%
69 Tm Thulium China
100%
70 Yb Ytterbium China
100%
71 Lu Lutetium China
100%
74 W Tungsten China
100%
79 Au Gold China
100%
80 Hg Mercury China
100%
81 Tl Thallium China
100%
82 Pb Lead China
100%
83 Bi Bismuth China
100%
90 Th Thorium India
100%
8 O Oxygen Russia
100%
46 Pd Palladium Russia
100%
84 Po Polonium Russia
100%
94 Pu Plutonium Russia
100%
114 Fl Flerovium Russia
100%
115 Mc Moscovium Russia
100%
118 Og Oganesson Russia
100%
2 He Helium United States
100%
4 Be Beryllium United States
100%
35 Br Bromine United States
100%
61 Pm Promethium United States
100%
89 Ac Actinium United States
100%
93 Np Neptunium United States
100%
95 Am Americium United States
100%
97 Bk Berkelium United States
100%
98 Cf Californium United States
100%
99 Es Einsteinium United States
100%
100 Fm Fermium United States
100%
3 Li Lithium Australia
96%
26 Fe Iron Australia
96%
40 Zr Zirconium Australia
96%
41 Nb Niobium Brazil
96%
19 K Potassium Canada
96%
43 Tc Technetium Canada
96%
72 Hf Hafnium France
96%
38 Sr Strontium Mexico
96%
47 Ag Silver Mexico
96%
27 Co Cobalt Democratic Republic of the Congo
93%
73 Ta Tantalum Democratic Republic of the Congo
93%
28 Ni Nickel Indonesia
89%
18 Ar Argon Germany
86%
112 Cn Copernicium Germany
86%
24 Cr Chromium South Africa
86%
25 Mn Manganese South Africa
86%
44 Ru Ruthenium South Africa
86%
45 Rh Rhodium South Africa
86%
76 Os Osmium South Africa
86%
77 Ir Iridium South Africa
86%
78 Pt Platinum South Africa
86%
29 Cu Copper Chile
82%
53 I Iodine Chile
82%
75 Re Rhenium Chile
82%
5 B Boron Turkey
75%
92 U Uranium Kazakhstan
68%
10 Ne Neon Ukraine
61%
36 Kr Krypton Ukraine
61%
86 Rn Radon Czech Republic
25%
No matching quizzes found
Score Distribution
Percent of People with Each Score
Percentile by Number Answered
Your Score History
You have not taken this quiz